00348 a2200121 450000100060000010000160000624500350002226000260005709000170008394200230010099900190012395200840014247146 aCallaban T aI Was Chaplain on the Franklin aNew YorkbMacmillanc c30203d30203 aNUST-CAEcMc22452 c282219d282219 001040708NFICaCAEbCAEd2017-04-03l0pCAE36883r2017-04-05w2017-04-05yBK